|
|
|
|
| LEADER |
00619nam a22001337a 4500 |
| 999 |
|
|
|c 161043
|d 161039
|
| 100 |
|
|
|a SARAH JOSEPH
|a Sreedevi K. Nair Tr.
|9 87865
|
| 245 |
|
|
|a IN THE MIND OF EVERY WOMAN WRITER (Ooro Ezhuthukaariyude Ullilum)
|
| 260 |
|
|
|b Samyukta: A Journal of Women’s Studies
|c 2010
|
| 300 |
|
|
|b (January 2010) Vol.X. No.1
|a p.99-105
|
| 650 |
|
|
|a SHORT STORY;
|a ഓരോ എഴുത്തുകാരിയുടെ ഉള്ളിലും;
|a ON WRITING - B. M. ZUHARA
|9 87866
|
| 856 |
|
|
|u http://10.26.1.76/ks/007485.pdf
|
| 942 |
|
|
|c KS
|
| 952 |
|
|
|0 0
|1 0
|4 0
|7 0
|9 159515
|a MGUL
|b MGUL
|d 2019-01-29
|l 0
|r 2019-01-29
|w 2019-01-29
|y KS
|